000 01023nam a22003137a 4500
003 CHAP
005 20220329141732.0
008 971013s1979 r 00010 d
010 _a73028
011 _a74000
035 _a83558
040 _cCHAP
090 _aTesis
100 0 0 _aGarcía González, José Gerardo.
_946075
245 _aComparación de 4 líneas de pollos de engorda en jaula
260 _aMonterrey, N.L. :
_bEl autor,
_c1979
300 _a179 h.
502 _aTesis (Ing. Agrónomo Zootecnista) -- Univ. Autónoma de Nuevo León. Fac. de Agronomía
590 _aALEPH
_b10
_c20130110
_lUCH01
_h1415
590 _aBATCH-UPD
_b10
_c20130110
_lUCH01
_h0619
590 _aBATCH-UPD
_b10
_c20130410
_lUCH01
_h0302
590 _aBATCH-UPD
_b10
_c20130914
_lUCH01
_h0449
590 _aCONVERSION
_b10
_c20130109
_lUCH01
_h1340
650 1 4 _aAves de corral
_xEngorda.
_98647
650 1 4 _aAves de corral
_xJaulas y equipo.
_98656
901 _aBK
942 _cTESIS
949 _bBC
_cTES
_d-38180
_eTS1
_i83558
_si
999 _c73028
_d73028